| 000 | 00984nas a2200301 4500 | ||
|---|---|---|---|
| 001 | BR2014001273 | ||
| 003 | BR-BrBNA | ||
| 005 | 20231205123758.0 | ||
| 007 | ta | ||
| 008 | 230509b bl.|||p| |||| 00| 00por d | ||
| 040 |
_aBR-BrBNA _bpor _cBiblioteca Nacional de Agricultura |
||
| 041 | _a(Pt) | ||
| 072 | _aF60; Q04 | ||
| 100 | 1 | _aCordeiro, M.W.S. | |
| 100 | 1 | _aCavallieri, A.L.F. | |
| 100 | 1 | _aFerri, P.H. | |
| 100 | 1 | _aNaves, M.M.V. | |
| 245 | 1 | _aCaracterísticas físicas, composição químico-nutricional e dos óleos essenciais da polpa de Caryocar brasiliense nativo do estado de Mato Grosso | |
| 650 | _aPEQUI | ||
| 650 | _aPROPRIEDADE FÍSICO-QUÍMICA | ||
| 650 | _aÓLEO ESSENCIAL | ||
| 650 | _aPOLPA | ||
| 650 | _aVALOR NUTRITIVO | ||
| 650 | _aÁCIDO GRAXO | ||
| 773 | 0 |
_tRevista Brasileira de Fruticultura (Brazil) _xISSN 0100-2945 _g(Dec 2013), v. 35(4) p. 1127-1139 _wBR2014001273 |
|
| 909 |
_a202311 _bLúcia _c55 _dLúcia Elande |
||
| 942 |
_2AGRIS _n0 _cANA |
||
| 999 |
_c235664 _d235664 |
||